[Event "Lugansk Stanitsa"]
[Site "Lugansk"]
[Date "2010.12.17"]
[Round "4"]
[White "Abkarian, Suren"]
[Black "Poliakov, Vladimir"]
[Result "1/2-1/2"]
[WhiteElo "2244"]
[BlackElo "2375"]
[PlyCount "24"]
[EventDate "2010.12.16"]
[EventType "tourn"]
[EventRounds "9"]
[EventCountry "UKR"]
[EventCategory "6"]
[SourceTitle "CBM 140 Extra"]
[Source "ChessBase"]
[SourceDate "2011.03.01"]
[SourceVersion "1"]
[SourceVersionDate "2011.03.01"]
[SourceQuality "1"]

1. c4 e5 2. Nc3 Nf6 3. Nf3 Nc6 4. g3 Nd4 5. Nxe5 Qe7 6. f4 d6 7. Nd3 Bf5 8. e3 Be4 9. Nxe4 Qxe4 10. Nf2 Nf3+ 11. Ke2 Nd4+ 12. Ke1 Nf3+ 1/2-1/2

[Event "Lugansk Stanitsa"]
[Site "Lugansk"]
[Date "2010.12.17"]
[Round "3"]
[White "Blednov, Stanislav"]
[Black "Abkarian, Suren"]
[Result "1-0"]
[WhiteElo "2360"]
[BlackElo "2244"]
[PlyCount "47"]
[EventDate "2010.12.16"]
[EventType "tourn"]
[EventRounds "9"]
[EventCountry "UKR"]
[EventCategory "6"]
[SourceTitle "CBM 140 Extra"]
[Source "ChessBase"]
[SourceDate "2011.03.01"]
[SourceVersion "1"]
[SourceVersionDate "2011.03.01"]
[SourceQuality "1"]

1. e4 c5 2. Nf3 Nc6 3. d4 cxd4 4. Nxd4 Nf6 5. Nc3 d6 6. Be2 Nxd4 7. Qxd4 g6 8. Bg5 Bg7 9. 0-0-0 0-0 10. Qe3 Qa5 11. Kb1 Be6 12. Bxf6 Bxf6 13. Nd5 Bxd5 14. Rxd5 Qc7 15. h4 e6 16. Rd2 Rad8 17. h5 Qc5 18. hxg6 fxg6 19. Qh3 Rf7 20. Qxe6 Qb4 21. c3 Bxc3 22. a3 Qb6 23. Bc4 Rdf8 24. Qh3 1-0

[Event "Lugansk Stanitsa"]
[Site "Lugansk"]
[Date "2010.12.16"]
[Round "1"]
[White "Biriukov, Nikolai"]
[Black "Abkarian, Suren"]
[Result "1-0"]
[WhiteElo "2361"]
[BlackElo "2244"]
[PlyCount "57"]
[EventDate "2010.12.16"]
[EventType "tourn"]
[EventRounds "9"]
[EventCountry "UKR"]
[EventCategory "6"]
[SourceTitle "CBM 140 Extra"]
[Source "ChessBase"]
[SourceDate "2011.03.01"]
[SourceVersion "1"]
[SourceVersionDate "2011.03.01"]
[SourceQuality "1"]

1. e4 c5 2. Nf3 d6 3. d4 cxd4 4. Nxd4 Nf6 5. Nc3 g6 6. Be3 Bg7 7. f3 0-0 8. Qd2 Nc6 9. Bc4 Bd7 10. 0-0-0 Rc8 11. Bb3 Ne5 12. h4 h5 13. Rdg1 Nc4 14. Bxc4 Rxc4 15. g4 hxg4 16. h5 gxh5 17. Bh6 Rxd4 18. Qg5 Ne8 19. Qxh5 f5 20. fxg4 f4 21. g5 e5 22. Bxg7 Nxg7 23. Qh6 Kf7 24. g6+ Kf6 25. Nd5+ Rxd5 26. exd5 Kf5 27. Qxg7 Ke4 28. Qxf8 Qxf8 29. g7 1-0